000 00751nam a22002297a 4500
999 _c15244
_d15244
003 AR-CdUCM
008 190426b ||||| |||| 00| 0 spa d
020 _a978-968-16-4059-0
040 _aMUNICIPALIDAD PROVINCIAL DEL CUSCO
_cBIBLIOTECA MUNICIPAL DEL CUSCO
082 _22ed
_aPI / 808.06 /
_bS82
100 _aSnunit, Mijal
_934285
245 _aEl pájaro del alma /
260 _aMéxico :
_bFondo de cultura económica,
_c2012.
300 _bIlustraciones,
_c30 cm.
440 _aLos especiales de a la orilla del viento
_933315
500 _aNo cuenta con numeración de paginas
650 _aInfantiles
_917400
650 _aCuentos
_9217
650 _aLiteratura para inicial
_934286
942 _2ddc
_cLIBROS
945 _adavv
_d26/04/2019